000 01748cam a22004337i 4500
001 19116916
003 OSt
005 20230929115432.0
008 160602s2016 flua b 001 0 eng d
010 _a 2016302039
020 _a9781498717496 (hbk. : acidfree paper)
020 _a1498717497
035 _a(OCoLC)ocn920843387
040 _aYDXCP
_beng
_cYDXCP
_erda
_dCUV
_dOCLCO
_dOCLCF
_dOCLCO
_dDLC
042 _alccopycat
050 0 0 _aQA241
_b.E775 2016
082 _a512.7
_bERI/I
100 1 _aErickson, Martin J.,
_d1963-
_eauthor.
_99632
245 1 0 _aIntroduction to number theory /
_cMarty Erickson, (1963-2013), Anthony Vazzana, Truman State University, Kirksville, Missouri, USA, David Garth, Truman State University, Kirksville, Missouri, USA.
246 3 0 _aNumber theory
250 _aSecond edition.
264 1 _aBoca Raton :
_bCRC Press, Taylor & Francis Group,
_c[2016]
300 _axii, 414 pages :
_billustrations ;
_c25 cm.
336 _atext
_btxt
_2rdacontent
337 _aunmediated
_bn
_2rdamedia
338 _avolume
_bnc
_2rdacarrier
490 1 _aTextbooks in mathematics
500 _a"A Chapman & Hall book."
504 _aIncludes bibliographical references (pages 405-407) and index.
650 0 _aNumber theory
_xHistory.
650 7 _aNumber theory.
_2fast
_0(OCoLC)fst01041214
655 7 _aHistory.
_2fast
_0(OCoLC)fst01411628
700 1 _aVazzana, Anthony,
_eauthor.
700 1 _aGarth, David,
_eauthor.
830 0 _aTextbooks in mathematics (Boca Raton, Fla.)
906 _a7
_bcbc
_ccopycat
_d2
_encip
_f20
_gy-gencatlg
942 _2ddc
_cBK
_h512.7
_iERI/I
_k512.7
_mERI/I
999 _c42394
_d42394